Kitāb tāj al-lughah wa-ṣiḥāḥ al-ʻarabiyyah /

محفوظ في:

المؤلف الرئيسي: Jawharī, Ismāʻīl ibn Ḥammād, -1003? (مؤلف)

مؤلفون آخرون: Nīsābūrī, Ismāʻīl ibn Muḥammad ibn ʻAbdūs.

التنسيق: كتاب

اللغة: Arabic

الموضوعات:

الوسوم: إضافة وسم

لا توجد وسوم, كن أول من يضع وسما على هذه التسجيلة!

رقم الطلب: ( RA )PJ6620 .J41 T2 v.1-2

LEADER 01275namaa2200241 4500
001 18527
003 OSt
005 20240523114647.0
008 130303s1875 ua d 000 0 ara d
952 |0 0  |1 0  |2 lcc  |4 0  |7 1  |9 10476  |a ARCE  |b ARCE  |d 2021-02-18  |l 0  |o ( RA )PJ6620 .J41 T2 v.1-2  |r 2021-02-18 00:00:00  |w 2021-02-18  |y BK 
999 |c 18979  |d 18979 
040 |c ARCE Library 
050 4 |a ( RA )PJ6620 .J41 T2 v.1-2 
100 1 |6 880-01  |a Jawharī, Ismāʻīl ibn Ḥammād,  |d -1003?  |e author 
245 1 0 |6 880-02  |a Kitāb tāj al-lughah wa-ṣiḥāḥ al-ʻarabiyyah /  |c Ismāʻīl ibn Ḥammād Jawharī. 
264 1 |a [Bulāq :   |b publisher not identified,   |c 1292 [1875]]. 
300 |a 2 v. ;   |c 29 cm. 
650 0 |a Arabic language  |v Dictionaries. 
700 1 |a Nīsābūrī, Ismāʻīl ibn Muḥammad ibn ʻAbdūs. 
880 1 |6 100-01/(3/r  |a جوهري، اسماعيل بن حماد،‪‪‪‪‪‪‪‪‪‪‪‪‪‪‪‪‪‪‪‪‪‪‪‪‪‪‪‪‪‪‪‪‪‪‪‪‪‪  |d -1003?. 
880 1 0 |6 245-02/(3/r  |a كتاب تاج اللغة و صحاح العربية   |c إسماعيل بن حماد الجوهري. ‪‪‪‪‪‪‪‪‪‪‪‪‪‪‪‪‪‪‪‪‪‪‪‪‪‪‪‪‪‪‪‪‪‪‪‪‪‪ 
901 |a reviewed 
942 |c BK  |2 lcc